000 01011cam a2200205 4500
001 WS107404
008 000000n 000 0 eng u
035 _a(Sirsi) u107404
110 _aChynoweth
_hPaul
_93994
245 _aPartywalls.com
520 _aWeb site which claims to 'provide resources and a forum for discussion for those requiring information about the operation of the Party Wall etc Act 1996 and its effect on land and property'. It includes an introduction to the Act plus a full text version, a directory of party wall surveyors, a discussion forum and a reading list. Also includes details of party wall case law and discussion forums.
650 _aParty walls
_96258
650 _aCASE LAW
650 _aPYRAMUS AND THISBE CLUB
650 _aPARTY WALL ETC ACT 1996
650 _aBUILT ENVIRONMENT-BUILDING INSPECTION
690 _aBOUNDARIES, PARTY WALLS AND EASEMENTS
856 4 0 _uhttps://www.partywalls.com
_zView the website free of charge at www.partywalls.com...
942 _n0
999 _c119535
_d119535